<?xml version="1.0" encoding="UTF-8"?>
<collection xmlns="http://www.loc.gov/MARC21/slim">
    <record>
        <controlfield tag="001">85620</controlfield>
        <controlfield tag="005">20191119144707.0</controlfield>
        <datafield tag="037" ind1=" " ind2=" ">
            <subfield code="a">TAZ-TFG-2019-1719</subfield>
        </datafield>
        <datafield tag="041" ind1=" " ind2=" ">
            <subfield code="a">spa</subfield>
        </datafield>
        <datafield tag="100" ind1="1" ind2=" ">
            <subfield code="a">Julià Hernández, Adrià</subfield>
        </datafield>
        <datafield tag="242" ind1="0" ind2="0">
            <subfield code="a">Effect of a continuous infusion of dexmedetomidine in anesthetic and analgesic requirements in sterilizations in bitches</subfield>
        </datafield>
        <datafield tag="245" ind1="0" ind2="0">
            <subfield code="a">Efecto de una infusión continua de dexmedetomidina en las necesidades anestésicas y analgésicas en esterilizaciones en perras</subfield>
        </datafield>
        <datafield tag="260" ind1=" " ind2=" ">
            <subfield code="a">Zaragoza</subfield>
            <subfield code="b">Universidad de Zaragoza</subfield>
            <subfield code="c">2019</subfield>
        </datafield>
        <datafield tag="506" ind1=" " ind2=" ">
            <subfield code="a">by-nc-sa</subfield>
            <subfield code="b">Creative Commons</subfield>
            <subfield code="c">3.0</subfield>
            <subfield code="u">http://creativecommons.org/licenses/by-nc-sa/3.0/</subfield>
        </datafield>
        <datafield tag="520" ind1=" " ind2=" ">
            <subfield code="a">Las infusiones a ritmo constante (CRI) en veterinaria se usan para reducir a nivel intraoperatorio las necesidades de gases halogenados y las necesidades de analgesia de rescate.  Los objetivos de este estudio fueron valorar el efecto de una CRI de dexmedetomidina en las necesidades intraoperatorias de agentes inhalatorios, valorar las necesidades de analgesia de rescate intraoperatorias, la calidad del despertar y el control del dolor en el postoperatorio inmediato.  Para la realización del estudio se incluyeron 12 perras que iban a ser sometidas a OT/OHT electivas y que fueron distribuidas aleatoriamente en dos grupos, grupo 1 (control con suero salino fisiológico, SSF) o grupo 2 (CRI de dexmedetomidina a 1 µg/kg/h). Los animales fueron premedicados con dexmedetomidina y metadona e inducidos con propofol a dosis-efecto. El mantenimiento anestésico se realizó con isoflurano en una mezcla de oxígeno y aire al 50%. Durante la cirugía se monitorizaron los pacientes y se llevó a cabo la recogida de los datos valorados en el estudio en diferentes momentos del procedimiento (T1-T7). A nivel intraoperatorio se registraron las necesidades de gases halogenados (Et ISO) y de analgesia de rescate así como también la calidad del despertar del animal. Posteriormente se valoró el dolor en el postoperatorio inmediato mediante la escala de Glasgow para dolor agudo.  No se han encontrado diferencias significativas respecto a las necesidades de anestésicos inhalatorios, de analgesia intraoperatoria y en la evaluación de dolor a 1, 2 y 4 h posoperatorias.  Atendiendo a los resultados, la administración de un CRI de dexmedetomidina no supone ventajas respecto a la administración de SSF.&lt;br />&lt;br /></subfield>
        </datafield>
        <datafield tag="521" ind1=" " ind2=" ">
            <subfield code="a">Graduado en Veterinaria</subfield>
        </datafield>
        <datafield tag="540" ind1=" " ind2=" ">
            <subfield code="a">Derechos regulados por licencia Creative Commons</subfield>
        </datafield>
        <datafield tag="700" ind1=" " ind2=" ">
            <subfield code="a">Bonastre Ráfales, Cristina</subfield>
            <subfield code="e">dir.</subfield>
        </datafield>
        <datafield tag="700" ind1=" " ind2=" ">
            <subfield code="a">De Torre Martínez, Amaya</subfield>
            <subfield code="e">dir.</subfield>
        </datafield>
        <datafield tag="710" ind1="2" ind2=" ">
            <subfield code="a">Universidad de Zaragoza</subfield>
            <subfield code="b">Patología Animal</subfield>
            <subfield code="c">Medicina y Cirugía Animal</subfield>
        </datafield>
        <datafield tag="856" ind1="0" ind2=" ">
            <subfield code="f">708184@celes.unizar.es</subfield>
        </datafield>
        <datafield tag="856" ind1="4" ind2=" ">
            <subfield code="s">837152</subfield>
            <subfield code="u">http://zaguan.unizar.es/record/85620/files/TAZ-TFG-2019-1719.pdf</subfield>
            <subfield code="y">Memoria (spa)</subfield>
        </datafield>
        <datafield tag="909" ind1="C" ind2="O">
            <subfield code="o">oai:zaguan.unizar.es:85620</subfield>
            <subfield code="p">driver</subfield>
            <subfield code="p">trabajos-fin-grado</subfield>
        </datafield>
        <datafield tag="950" ind1=" " ind2=" ">
            <subfield code="a"></subfield>
        </datafield>
        <datafield tag="951" ind1=" " ind2=" ">
            <subfield code="a">deposita:2019-11-19</subfield>
        </datafield>
        <datafield tag="980" ind1=" " ind2=" ">
            <subfield code="a">TAZ</subfield>
            <subfield code="b">TFG</subfield>
            <subfield code="c">VET</subfield>
        </datafield>
        <datafield tag="999" ind1=" " ind2=" ">
            <subfield code="a">20190621134445.CREATION_DATE</subfield>
        </datafield>
    </record>

    
</collection>